"-in den Wäldern selig verschollen" Waldgänger in der deutschen Literatur seit der Romantik

Bibliographic Details
Main Author: Schütz, Erhard (Author)
Format: Book
Language:German
PhysicalDescription:37 s. 24 cm
Published: Bremen editon Lumière 2013
ISBN:9783943245127
Series:Pressburger Akzente
Subjects:

MARC

LEADER 00000nam a2200000 a 4500
001 vtls011707640
003 SK-MaSNL
005 20260301094805.0
008 240314s2013 gw f n 000 0 ger
015 |a SNBZSA2017 
020 |a 9783943245127  |q (brožované) 
035 |a urn:nbn:sk:snk-am00cz7x 
035 |a urn:nbn:sk:snk-am3hg7t 
035 |a 23DF5807-4241-4777-8E15-FA68E0F3F12F 
040 |a SNK  |b slo  |c SNK  |e AACR2 
041 0 |a ger  |b slo 
044 |a gw  |c DE 
072 7 |a 821.112.2  |x Nemecká literatúra, nemecky písaná  |2 konspekt 
080 |a 821.112.2  |2 2011 
080 |a 630*10  |2 2011 
080 |a 82:93/94  |2 2011 
080 |a (048.8)  |2 2011 
100 1 |a Schütz, Erhard  |4 aut  |9 429117 
245 1 0 |a "-in den Wäldern selig verschollen"  |b Waldgänger in der deutschen Literatur seit der Romantik  |c Erhard Schütz 
260 |a Bremen  |b editon Lumière  |c 2013 
300 |a 37 s.  |c 24 cm 
490 1 |a Pressburger Akzente  |v Nr. 3. 
504 |a Bibliogr. odkazy 
546 |a Res. slovensky 
648 7 |a 19.-20. stor.  |2 SNKPH  |9 268609 
648 7 |a 19th-20th century  |2 SNKPHeng  |9 288420 
650 0 7 |a nemecká literatúra  |2 SNKPH  |9 1195 
650 0 7 |a German literature  |2 SNKPHeng  |9 266003 
650 0 7 |a lesy  |2 SNKPH  |9 1437 
650 0 7 |a Forests  |2 SNKPHeng  |9 276135 
650 0 7 |a literatúra a dejiny  |2 SNKPH  |9 94209 
650 0 7 |a Literature and history  |2 SNKPHeng  |9 312895 
655 7 |a štúdie  |2 SNKPH  |9 57033 
655 7 |a Studies  |2 SNKPHeng  |9 265573 
830 0 |a Pressburger Akzente  |9 429118 
919 |a 978-3-943245-12-7 
958 |a TL 
958 |a DE 
958 |a ZS 
958 |a NB 
999 |c 681306  |d 683236 
952 |a SNK  |b SNK  |y PREZ  |7 0  |p 17A1270688  |o snkSC 150157/3  |i snk2017/19228  |8 4  |g 9.80  |0 0  |1 0  |4 0  |d 2017-08-21  |f 1  |l 0  |r 2025-07-18 00:00:00  |w 2026-02-23